[Event "11th Mumbai Mayors Cup 2018"]
[Site "Mumbai"]
[Date "2018.06.03"]
[Round "1"]
[White "Manigandan, S S"]
[Black "Sandipan, Chanda"]
[Result "0-1"]
[WhiteElo "2216"]
[BlackElo "2571"]
[Annotator "TA"]
[PlyCount "82"]
[EventDate "2018.??.??"]
[EventType "swiss"]
[EventCountry "IND"]
[SourceTitle "playchess.com"]
[Source "ChessBase"]
[SourceQuality "1"]

{[%evp 9,82,3,12,-8,-2,-35,-28,-42,-33,-35,8,0,7,-42,-38,-22,0,-110,-26,-118,-125,-112,-115,-138,-141,-151,-142,-146,-145,-267,-260,-260,-195,-185,-174,-180,-192,-292,-297,-314,-326,-317,-290,-349,-352,-363,-364,-430,-429,-429,-429,-429,-425,-426,-425,-622,-614,-607,-589,-575,-559,-5812,-2564,-1683,-2064,-1204,-1032,-810,-606,-12842,-12842,-12842,-12843,-12843,-12843]} 1. d4 f5 2. g3 Nf6 3. Nf3 g6 4. Bg2 Bg7 5. Bf4 (5. O-O O-O 6. c4 d6 7. Nc3 Nc6 8. d5 Nb4 9. a3 Na6 10. Qc2 Bd7 11. b4 c6 12. dxc6 bxc6 13. Bb2 Rc8 14. Rfd1 Qe8 15. Rac1 Kh8 {1-0 (27) Karjakin,S (2783)-Nepomniachtchi,I (2751) chess.com INT 2017}) 5... O-O 6. Qc1 {A81: Dutch Defence: 2 g3} d6 7. c4 c5 $146 ({Predecessor:} 7... c6 8. O-O a5 9. Bh6 Na6 10. Bxg7 Kxg7 11. Nc3 Bd7 {½-½ (64) Khan,R (1896)-Kolacz,W (1766) IECC email 1999}) 8. d5 {Black has an edge.} b5 9. cxb5 Qa5+ ({Much weaker is} 9... Nxd5 $6 10. Ng5 $14) 10. Nc3 Ne4 11. Nd2 Nxc3 12. bxc3 a6 13. bxa6 (13. b6 $1 $11) 13... Bxa6 (13... Qxc3 $17 14. Qxc3 Bxc3) 14. O-O (14. Nb1 $1 $11) 14... Qxc3 $17 ({Don't take} 14... Bxc3 15. Nb3 $15) ({Stronger than} 14... Bxe2 15. Re1 $14) 15. Qxc3 Bxc3 16. Rac1 Bf6 17. Bh6 Rc8 18. Rfe1 Nd7 19. e4 {[#]} (19. h4 $17) 19... Ne5 $1 $19 20. exf5 gxf5 21. Bh3 Bd3 22. Re3 c4 {[%cal Bc5c4,Bc4c3,Bc3c2][%mdl 32]} 23. Nf3 (23. Rxd3 {was called for.} Nxd3 24. Rxc4) 23... Ng4 24. Bxg4 fxg4 25. Ng5 Bf5 26. Re2 {If White can now play Ne4 this consolidates a bit.} c3 27. Ne4 Bd4 28. Bg5 {[#]} c2 $1 {[%mdl 512] Black is clearly winning.} 29. Bxe7 (29. Rcxc2 Rxc2) 29... Bxe4 30. Rxe4 Bb2 31. Rxg4+ Kf7 32. Bg5 (32. Rxc2 $142 Rxc2 33. Bxd6) 32... Bxc1 33. Bxc1 Rxa2 {[%mdl 4096] Endgame Threatens to win with ...Ra1. KRR-KRB} 34. Kg2 Ra1 35. Bb2 Rb1 36. Rg7+ Kf8 37. Rxh7 Rc4 38. Ba3 Kg8 39. Rd7 Rc3 40. Rd8+ Kf7 41. Rd7+ Ke8 {Precision: White = 35%, Black = 82%.} 0-1

[Event "11th Mumbai Mayors Cup 2018"]
[Site "Mumbai"]
[Date "2018.06.03"]
[Round "1"]
[White "Srija, Seshadri"]
[Black "Tukhaev, Adam"]
[Result "0-1"]
[WhiteElo "2207"]
[BlackElo "2557"]
[Annotator "TA"]
[PlyCount "86"]
[EventDate "2018.??.??"]
[EventType "swiss"]
[EventCountry "IND"]
[SourceTitle "playchess.com"]
[Source "ChessBase"]
[SourceQuality "1"]

{[%evp 20,86,21,10,37,36,43,43,49,39,37,29,54,48,43,51,66,61,127,129,168,188,185,121,107,120,157,111,105,112,105,108,190,152,178,97,141,142,139,141,150,-76,-66,-45,0,-277,0,-392,-392,-384,-364,-448,-433,-475,-465,-433,-386,-29961,-29960,-29965,-29965,-29965,-29966,-1785,-1769,-29981,-29982,-29997,-29998]} 1. e4 g6 2. d4 Bg7 3. Nc3 a6 4. a4 d6 5. f4 Nf6 6. Nf3 c5 7. dxc5 Qa5 8. Bd3 Qxc5 9. Qe2 O-O 10. Be3 Qa5 11. O-O Nc6 {B09: Pirc Defence: Austrian Attack} (11... Bg4 12. h3 Bxf3 13. Qxf3 Nc6 14. Qf2 Nd7 15. Nd5 e6 16. Nb6 Nxb6 17. Bxb6 Qxb6 18. Qxb6 Bd4+ 19. Qxd4 Nxd4 {½-½ (52) Matsuura,E (2437)-Lima,D (2543) Sao Paulo 2001}) 12. h3 Nd7 $146 ({Predecessor:} 12... Nh5 13. Qe1 e6 14. g4 {1-0 (35) Delorme,A (2285)-Malin,C (1977) Angers 2014}) 13. Nd2 Qd8 {White is slightly better.} 14. Nc4 b6 15. e5 {[%cal Be4e5,Be5d6][%mdl 32]} Nc5 16. Rfd1 Be6 17. Be4 $1 {[%cal Re4c6]} Nxe4 18. Nxe4 Rb8 ({Better is} 18... Bxc4 $14 19. Qxc4 Na5) 19. exd6 $16 b5 20. axb5 axb5 21. Ne5 (21. dxe7 $18 Qxe7 22. Ncd6) 21... Nxe5 22. fxe5 {aiming for dxe7.} Bxe5 {[%cal Re7d6]} 23. dxe7 Qxe7 24. Bc5 Qh4 25. Bxf8 Kxf8 (25... Rxf8 $16 26. c3 b4 27. cxb4 Bf5) 26. c3 Re8 {White must now prevent ...Bf5.} 27. Qf3 (27. Qf2 $18 Qf4 28. Qxf4 Bxf4 29. Nf6) 27... Kg7 28. Nd6 $1 {[%cal Rd6e8]} Rb8 29. Ra7 {[%cal Rd6f7]} Rd8 30. Nxb5 $2 (30. Nxf7 $16 {keeps the pressure on.} Rxd1+ 31. Qxd1 Bxf7 32. Rxf7+ $1 {[%mdl 512]} Kxf7 33. Qd5+ Kf8 34. Qxe5) 30... Rxd1+ $17 31. Qxd1 Qg3 32. Nd4 $2 {[%mdl 8192] [#]} (32. Ra1 $1 $11 {and White stays safe.}) 32... Bxh3 $2 $40 {[%mdl 128] Black mounts an attack.} ({Black should play} 32... Qe3+ $1 $19 33. Kh1 Bd5) 33. Rxf7+ $2 {[%mdl 8192]} (33. Qf1 $1 $11 {and White is okay.} Bf4 34. Ra1 (34. Qf2 $2 Be3 $19)) 33... Kxf7 $19 {[%csl Gh3][%cal Rg3g2]} 34. Qf3+ {[#]} Bf5 $1 {Strongly threatening ...Qe1+.} 35. Qb7+ (35. Nxf5 Qe1+) 35... Kf6 {[%cal Rg3e1]} 36. Qb6+ Kg7 {[%cal Rg3e1]} 37. Qa7+ Kh6 {[%cal Rg3e1]} 38. Nxf5+ $2 (38. Nf3 $19) 38... gxf5 {[%cal Rg3e1]} 39. Qa6+ Kg5 40. Qe2 Qh2+ 41. Kf2 Qf4+ 42. Kg1 Qc1+ 43. Kf2 {[#]} Bg3+ $1 {[%mdl 512] Precision: White = 46%, Black = 63%.} 0-1

[Event "11th Mumbai Mayors Cup 2018"]
[Site "Mumbai"]
[Date "2018.06.03"]
[Round "1"]
[White "Bharath, Subramaniyam H"]
[Black "Deepan, Chakkravarthy J"]
[Result "1-0"]
[WhiteElo "2196"]
[BlackElo "2531"]
[Annotator "TA"]
[PlyCount "85"]
[EventDate "2018.??.??"]
[EventType "swiss"]
[EventCountry "IND"]
[SourceTitle "playchess.com"]
[Source "ChessBase"]
[SourceQuality "1"]

{[%evp 9,85,54,62,38,39,39,43,39,44,45,50,42,70,68,67,69,145,146,154,142,143,141,146,149,188,197,182,127,134,134,147,131,131,83,89,68,104,113,139,110,144,140,191,175,186,186,204,202,206,162,153,164,420,419,441,421,446,428,429,302,308,309,455,448,441,444,469,458,512,514,620,584,734,703,732,516,508,457]} 1. e4 Nc6 2. Nf3 e6 3. d4 d5 4. Nc3 Bb4 5. e5 Nge7 6. a3 {C10: Französische Verteidigung (Rubinstein-Variante)} Bxc3+ $1 7. bxc3 Na5 8. Bd3 {Weiß steht etwas besser.} h6 9. O-O Bd7 10. Nh4 $146 ({Vorgänger:} 10. a4 Bc6 11. Nd2 Qd7 12. Nb3 Nc4 13. Nc5 Qc8 {0-1 (84) Rogulj,B (2412)-Renner,C (2420) Austria 2010}) 10... Nf5 11. Nxf5 exf5 12. Qf3 g6 (12... Be6 $14) 13. Qxd5 $16 c6 14. Qc5 b6 15. Qb4 Be6 16. a4 Rc8 17. Ba3 c5 18. Bb5+ ({Besser ist} 18. dxc5 $18 bxc5 19. Qb5+ Bd7 20. Qa6) 18... Kf8 19. dxc5 bxc5 20. Qd4 Qc7 21. Qd6+ Kg7 22. Rad1 Nb7 23. Qa6 $36 {[%mdl 2048] Läuft bei Weiss.} f4 24. f3 g5 25. c4 Rhd8 {[#]} (25... Qb6 $16 {war angesagt.} 26. Bb2 Qxa6 27. Bxa6 Na5) 26. Bb2 $1 $18 (26. Qxa7 $2 Ra8 $19) 26... Rxd1 27. Rxd1 Qb6 {[#]} 28. Bc3 $1 {Schwarz muss nun a5 beachten.} Kf8 29. Qxb6 axb6 30. Ba6 Rc7 $2 (30... Rd8 {war einen Versuch wert.} 31. Rb1 Na5 32. Rxb6 Rd1+ 33. Kf2 Bxc4) 31. Rb1 Rd7 32. Rxb6 Rd1+ 33. Kf2 Rc1 34. Rb2 ({Schwächer ist} 34. Bxb7 Bxc4 35. g3 (35. Be1 Rxc2+ 36. Kg1 Rc1 $11) 35... Rxc2+ 36. Ke1 Rxc3 $14) ({Weniger gut wäre} 34. Rxb7 Rxc2+ 35. Ke1 Rxc3 $16) 34... Nd8 35. Bb5 Ra1 (35... Bc8 {war nötig.} 36. Ra2 Ne6) 36. Ba5 {Weiß steht klar auf Gewinn.} Ke7 37. Bb6 {[%cal Rb6c5]} Bd7 38. a5 {[%cal Ba4a5,Ba5a6,Ba6a7][%mdl 32]} Nc6 39. a6 Nxe5 40. Bxc5+ Kd8 41. Bd4 f6 42. Bxd7 Nxd7 43. a7 {Precision: Weiß = 78%, Schwarz = 34%.} 1-0

[Event "11th Mumbai Mayors Cup 2018"]
[Site "Mumbai"]
[Date "2018.06.03"]
[Round "1"]
[White "Pujari, Rucha"]
[Black "Pruijssers, Roeland"]
[Result "1-0"]
[WhiteElo "2180"]
[BlackElo "2514"]
[Annotator "TA"]
[PlyCount "49"]
[EventDate "2018.??.??"]
[EventType "swiss"]
[EventCountry "IND"]
[SourceTitle "playchess.com"]
[Source "ChessBase"]
[SourceQuality "1"]

{[%evp 20,49,8,12,10,0,7,0,1,-36,-35,-27,-37,-30,-39,-94,-29,-31,-29,-34,-8,-8,-8,-8,-7,-9,58,59,49,43,768,804]} 1. d4 f5 2. c4 Nf6 3. g3 d6 4. Nf3 g6 5. Bg2 Bg7 6. Nc3 O-O 7. O-O Qe8 8. d5 Na6 9. Be3 Bd7 {A87: Dutch Defence: Leningrad System: 5 Nf3} 10. Qd2 (10. Rc1 Ng4 11. Bd2 c6 12. h3 Nf6 13. Be3 Kh8 14. Qd2 Nc5 15. Bh6 Nce4 16. Bxg7+ Kxg7 17. Nxe4 Nxe4 {½-½ (74) Erdos,V (2628)-Duda,J (2707) Linares 2017}) 10... Ng4 11. Bd4 {LiveBook: 3 Games} Bh6 {The position is equal.} 12. e3 c5 13. dxc6 $1 bxc6 {...e5 is the strong threat.} 14. Ne2 e5 $146 ({Predecessor:} 14... c5 15. Bc3 Rb8 16. Rad1 Bc6 17. b3 {0-1 (84) Mijailovic,Z (2397)-Kovacevic,B (2473) Neum 2008}) 15. Bc3 Nc5 {White must now prevent ...Ne4.} 16. Qxd6 Ne4 17. Qc7 {[#]} ({White should try} 17. Qa3 $1 $15) 17... Nexf2 (17... Rc8 $1 $17 {[%cal Rc8c7]} 18. Qxa7 Nexf2 19. Nxe5 Nh3+ 20. Kh1 Ngf2+ 21. Rxf2 Nxf2+ 22. Kg1 Nd3) 18. Nxe5 $11 Bxe3 {aiming for ...Nd3+.} 19. Qxd7 (19. Nxd7 Ne4+ 20. Kh1 Rc8 $17) 19... Nh3+ 20. Kh1 Ngf2+ 21. Rxf2 Nxf2+ 22. Kg1 {[#] Hoping for Bd5+!} Ne4+ ({Black should play} 22... Ng4+ $11 23. Kh1 (23. Kf1 Nxe5 24. Qc7 f4 $17) 23... Nf2+ 24. Kg1 Ne4+ 25. Kh1 Nf2+) 23. Kf1 $1 $14 {And now Qxe8 would win.} Nxc3 24. Bxc6 Nxe2 $2 {[%mdl 8192]} (24... Qxe5 $14 25. Bxa8 f4) 25. Qd5+ (25. Qxe8 $2 {loses.} Raxe8 26. Bxe8 Rxe8 $19) ({Weaker is} 25. Kxe2 Qxe5 26. Qd5+ Qxd5 $14) 1-0

[Event "11th Mumbai Mayors Cup 2018"]
[Site "Mumbai"]
[Date "2018.06.03"]
[Round "1"]
[White "Shantharam, K.V"]
[Black "Erigaisi, Arjun"]
[Result "0-1"]
[WhiteElo "2168"]
[BlackElo "2505"]
[Annotator "TA"]
[PlyCount "68"]
[EventDate "2018.??.??"]
[EventType "swiss"]
[EventCountry "IND"]
[SourceTitle "playchess.com"]
[Source "ChessBase"]
[SourceQuality "1"]

{[%evp 11,68,8,0,-7,31,23,30,0,25,8,7,0,0,0,0,0,0,0,0,0,0,-18,0,-9,22,22,27,16,17,0,56,39,56,48,60,48,160,163,166,163,153,-659,-648,-920,-915,-826,-1011,-996,-1011,-1004,-910,-974,-843,-964,-909,-1105,-719,-1517,-1500]} 1. d4 Nf6 2. Bf4 g6 3. e3 Bg7 4. Nf3 d6 5. Be2 O-O 6. O-O Nbd7 7. c4 {A48: 1 d4 Nf6 2 Nf3 g6: Torre, London and Colle Systems} (7. h3 b6 8. c4 Bb7 9. Nc3 a6 10. Bh2 Qe8 11. d5 e5 12. Nd2 Qe7 13. b4 Kh8 14. a4 a5 15. bxa5 Rxa5 16. Nb3 Raa8 17. a5 {1-0 (39) Karjakin,S (2783)-Nepomniachtchi,I (2751) chess.com INT 2017}) 7... Re8 8. Nc3 b6 9. b4 {White has an edge.} Bb7 10. Qb3 $146 ({Predecessor:} 10. a4 c5 11. bxc5 dxc5 12. d5 Nh5 13. Qc2 Nxf4 14. exf4 Qc7 15. g3 e6 {1-0 (38) Budolina,S-Calotescu,A Herculane 1994}) 10... e5 11. Bg3 exd4 12. Nxd4 a5 {[#] ...axb4 is the strong threat.} 13. a3 Ne4 14. Nxe4 Bxe4 15. Rad1 h5 {[%cal Bh7h5,Bh5h4][%mdl 32]} 16. h3 h4 17. Bf4 Be5 18. Bxe5 Nxe5 19. f3 Bb7 20. e4 Qf6 ({Black should try} 20... Nd7 $11) 21. Nb5 $14 Re7 $1 22. f4 Nc6 23. c5 {[%cal Rc5d6]} Rxe4 (23... axb4 $14 24. cxd6 Na5) 24. Bf3 $16 Rxf4 25. cxd6 cxd6 {[%cal Ra5b4]} 26. Nxd6 $2 {[#]} (26. Qe3 $16) 26... Nd4 $19 {Black is clearly winning.} 27. Bxb7 Nxb3 28. Rxf4 Qxf4 29. Bxa8 Nd4 30. Ne4 axb4 31. axb4 Kg7 32. Kh1 Ne2 33. b5 Qe5 34. Rf1 f5 {Precision: White = 36%, Black = 54%.} 0-1

[Event "11th Mumbai Mayors Cup 2018"]
[Site "Mumbai"]
[Date "2018.06.03"]
[Round "1"]
[White "Chitlange, Sakshi"]
[Black "Neverov, Valeriy"]
[Result "1-0"]
[WhiteElo "2163"]
[BlackElo "2492"]
[Annotator "TA"]
[PlyCount "144"]
[EventDate "2018.??.??"]
[EventType "swiss"]
[EventCountry "IND"]
[SourceTitle "playchess.com"]
[Source "ChessBase"]
[SourceQuality "1"]

{[%evp 21,144,11,16,4,21,2,8,-2,0,0,-4,-17,-14,-16,-12,-43,-20,-41,-52,-62,-62,-62,-62,-86,-59,-60,-59,-56,-48,-54,-43,-46,-31,-38,-38,-38,-39,-57,-55,-106,-29,-66,-24,-106,-64,-66,-16,-23,-14,-22,0,0,0,0,0,0,0,0,0,0,22,0,0,0,0,-4,0,0,0,0,0,-11,0,0,0,0,15,16,16,0,19,20,23,19,178,147,173,173,160,165,143,0,0,0,0,0,0,0,0,0,-28,-80,-88,-85,-53,-638,-583,-942,-861,-1287,-1489,-1552,-890,-1426,-1229,-2447,-2429,-2256,-2297,-29979,-29980,-29976,-29971,-29981,-29982]} 1. d4 Nf6 2. Bf4 b6 3. e3 Bb7 4. Nd2 e6 5. Ngf3 Be7 6. h3 O-O 7. Bd3 c5 8. c3 Ba6 {A47: 1 d4 Nf6 2 Nf3 b6: Torre, London and Colle Systems} (8... cxd4 9. exd4 Ba6 10. Bxa6 {½-½ (10) Nisipeanu,L (2671)-Bauer,C (2647) Zuerich 2017}) 9. Bxa6 Nxa6 10. Qe2 Qc8 11. O-O Qb7 {LiveBook: 6 Games} 12. e4 $146 ({Predecessor:} 12. Bg5 h6 13. Bh4 Rfe8 14. e4 d5 15. e5 Ne4 16. Bxe7 Nxd2 17. Nxd2 Rxe7 {1-0 (32) Georgiev,V (2530)-Matsenko,S (2533) Chicago 2017}) 12... cxd4 13. cxd4 Rfc8 14. Rac1 d5 {[%cal Rd5e4]} 15. e5 Nd7 16. Rfd1 Nb4 17. a3 Nc6 18. Nb3 b5 19. Rc2 a5 {[%cal Ba7a5,Ba5a4][%mdl 32]} 20. Rdc1 a4 21. Nbd2 Na7 22. Bg5 Bf8 23. Nf1 Rxc2 24. Rxc2 Rc8 25. Qd3 Rxc2 26. Qxc2 Nb6 27. Bd2 Qc8 28. Qb1 Nc4 29. Ng5 {[%csl Gg5][%cal Rb1h7]} g6 30. Nf3 (30. Bc1 $15) 30... Nc6 (30... Nxd2 $17 31. N1xd2 b4 32. axb4 Qb8) 31. Qc1 Qb8 32. Qc2 (32. Ne3 $11 {keeps the balance.}) 32... Qb6 33. Bc3 $1 Bh6 (33... Nxa3 $5 34. bxa3 Bxa3 $11) 34. N1h2 Bg7 35. Nf1 f6 36. exf6 Bxf6 {[%cal Rc6d4]} 37. Qe2 Kf7 {[%cal Rc6d4]} 38. Qd1 Nd6 39. Ng3 Kg7 40. Qd2 Ne7 41. Bb4 Nc4 42. Qe2 Kf7 43. Bc3 Nc6 {[%cal Rc6d4]} 44. Qd1 Qc7 45. Ne2 Ke8 46. Qc1 Qg7 47. Nf4 $36 {[%mdl 2048] White has good play.} Kd7 {[%cal Rc6d4]} 48. Qe1 Qe7 49. Nd3 Ke8 50. Nf4 Kf7 51. Qd1 Qd6 52. Nd3 e5 $2 (52... Kg8 $11 {and Black has nothing to worry.}) 53. dxe5 $1 $18 N4xe5 54. Ndxe5+ Nxe5 55. Bxe5 Bxe5 56. Nxe5+ (56. Qe2 $16 Bf6 57. Qxb5) 56... Qxe5 {[%mdl 4096] Endgame KQ-KQ} 57. Qd2 d4 58. Qc2 Qd5 59. Qc7+ Kf6 60. Qf4+ Ke6 61. Qg4+ (61. Kf1 $11) 61... Kd6 $17 62. Qf4+ Kc6 63. Qf6+ $2 {[%mdl 8192] [#]} (63. f3 $15) 63... Kc5 $1 $19 {[%cal Rc5c4]} 64. Qe7+ {[#]} Kc4 $1 {[%cal Rc4b3]} 65. Qb4+ Kd3 66. Qe1 Kc2 67. Qe2+ Kb1 68. Qd2 Qc4 69. Kh2 d3 70. Kg3 Qc2 {Black mates.} 71. Qe1+ Ka2 72. Qe6+ Qb3 {[%mdl 32768] Precision: White = 46%, Black = 53%. . Loss on Time!?} 1-0

[Event "11th Mumbai Mayors Cup 2018"]
[Site "Mumbai"]
[Date "2018.06.03"]
[Round "1"]
[White "Divya, Deshmukh"]
[Black "Harsha, Bharathakoti"]
[Result "1/2-1/2"]
[WhiteElo "2138"]
[BlackElo "2471"]
[Annotator "TA"]
[PlyCount "45"]
[EventDate "2018.??.??"]
[EventType "swiss"]
[EventCountry "IND"]
[SourceTitle "playchess.com"]
[Source "ChessBase"]
[SourceQuality "1"]

{[%evp 26,45,0,0,41,57,41,40,34,41,39,0,0,0,37,0,0,0,22,0,0,0]} 1. e4 c5 2. Nf3 d6 3. d4 cxd4 4. Nxd4 Nf6 5. Nc3 a6 6. Bg5 e6 7. f4 Qb6 8. Qd2 Qxb2 9. Rb1 Qa3 10. f5 Nc6 11. fxe6 fxe6 12. Nxc6 bxc6 13. Be2 Be7 14. O-O {LiveBook: 258 Partien} Qc5+ {B97: Sizilianisch (Najdorf-Variante)} (14... O-O 15. Rb3 Qc5+ 16. Be3 Qe5 17. Bd4 Qa5 18. Bb6 Qe5 19. Bd4 Qa5 20. Bb6 Qe5 21. Bd4 {½-½ (21) Naroditsky,D (2634)-Areshchenko,A (2654) Grosseto Prugna 2016}) 15. Be3 {[%mdl 1024] Weiss hat Kompensation.} Qa5 16. Bb6 Qe5 {Weiß steht etwas besser.} 17. Bd4 Qa5 $146 18. Bb6 Qe5 19. Bd4 Qa5 20. Bb6 Qe5 {Die Stellung ist ausgeglichen.} 21. Bd4 Qa5 22. Bb6 Qe5 23. Bd4 1/2-1/2

[Event "11th Mumbai Mayors Cup 2018"]
[Site "Mumbai"]
[Date "2018.06.04"]
[Round "2"]
[White "Rozum, Ivan"]
[Black "Kulkarni, Vikramaditya"]
[Result "1-0"]
[WhiteElo "2581"]
[BlackElo "2323"]
[Annotator "TA"]
[PlyCount "185"]
[EventDate "2018.??.??"]
[EventType "swiss"]
[EventCountry "IND"]
[SourceTitle "playchess.com"]
[Source "ChessBase"]
[SourceQuality "1"]

{[%evp 15,185,0,39,-8,0,0,3,8,29,39,42,0,45,31,49,43,37,47,46,37,47,39,51,31,16,19,26,22,124,119,121,114,100,109,145,144,141,141,268,279,269,172,137,106,112,8,13,16,12,13,5,7,17,22,22,0,0,0,0,0,0,0,-17,-47,-11,-26,0,0,8,0,14,0,0,0,7,0,0,0,0,0,0,0,22,0,7,8,10,10,12,8,43,62,64,0,2,8,132,138,194,187,175,0,0,0,166,125,63,44,46,0,68,0,0,0,0,0,0,0,20,0,12843,12843,12845,12845,12850,12851,12851,0,0,0,12851,29959,29960,29961,29961,29963,29965,29966,29965,29966,29968,29970,29969,29969,29969,29971,29971,29971,29973,29974,29974,29975,29976,29977,29977,29977,29977,29978,29978,29979,29980,29981,29982,29983,29983,29984,29985,29985,29988,29989,29989,29990]} 1. Nf3 Nf6 2. g3 g6 3. c4 Bg7 4. d4 c6 5. Bg2 d5 6. Qb3 O-O 7. O-O Qb6 8. Nc3 Be6 9. c5 {D78: Fianchetto Grünfeld: 6 0-0 c6} (9. Na4 Qxb3 10. axb3 Nbd7 11. Nc3 h6 12. Ne5 Nb6 13. c5 Nbd7 14. f4 a6 15. b4 Bf5 16. h3 h5 {½-½ (50) Kramnik,V (2777)-Andreikin,D (2720) Baku 2015}) 9... Qxb3 10. axb3 Na6 11. Ra4 {The position is equal.} Bf5 12. Bf4 Nh5 $146 ({Predecessor:} 12... Nd7 13. Rfa1 Rfe8 14. b4 e5 15. dxe5 Bc2 16. Rxa6 bxa6 17. Nd4 Nxe5 18. Bxe5 {1-0 (18) Lerner,K (2580)-Sarkozy,L (2355) Graz 1998}) 13. Be3 Nf6 14. h3 Nd7 15. g4 Be4 16. Nxe4 dxe4 17. Ng5 e5 18. dxe5 {aiming for e6.} Ndxc5 19. Rc4 $36 {[%mdl 2048] White fights for an advantage.} Nxb3 20. Rxe4 Rfe8 21. f4 f6 (21... Nbc5 $11) 22. exf6 $16 Bxf6 23. Rxe8+ Rxe8 24. Ne4 Bg7 {[#]} 25. f5 $1 {[%cal Rf5f6]} gxf5 26. gxf5 (26. Rxf5 $6 Bxb2 27. Rg5+ (27. Bxa7 Bd4+ 28. Bxd4 Nxd4 $14) 27... Kh8 $14) 26... Rd8 (26... Re5 $16) 27. f6 $18 (27. Bxa7 $6 Bd4+ 28. Bxd4 Rxd4 $16) 27... Bf8 28. f7+ ({But not} 28. Bxa7 $6 Nac5 $18) 28... Kg7 29. Bf4 {Hoping for Be5+.} Be7 30. Bg5 (30. Be5+ $16 Kf8 31. Bf4 Kxf7 32. Bc7+ Ke6 33. Bxd8 Bxd8 34. Bf3) 30... Bxg5 $11 31. Nxg5 {Ne6+ would kill now.} Nc7 32. Nxh7 Ne6 33. f8=Q+ (33. f8=R {seems wilder.} Nxf8 34. Ng5 Rd7 35. Rf4 Nd4 36. Kf2) 33... Nxf8 34. Nxf8 Rxf8 {[%mdl 4096] Endgame KRB-KRN} 35. Rd1 a5 36. h4 Rf7 37. h5 Nc5 38. Ra1 a4 39. Ra3 Rf5 40. Bf3 Nd7 41. Rxa4 Ne5 42. Bg2 Rf7 43. Re4 Rf5 44. Ra4 Rf7 45. Kh2 Kh6 46. Kg3 Kxh5 47. Ra5 b5 48. Ra8 Rg7+ 49. Kf2 Rf7+ 50. Ke3 Nc4+ 51. Kd4 Rf4+ 52. Kc3 c5 53. Rc8 Rf5 54. Be4 ({White should play} 54. Rb8 $14) 54... Re5 55. Bd3 Nd6 (55... Nxb2 $1 $11 {keeps the balance.} 56. Kxb2 c4) 56. Rc6 $16 b4+ (56... Ne8 $16 57. Bxb5 Ng7) 57. Kb3 $18 Nb7 {Strongly threatening ...Na5+.} 58. Rc7 $2 (58. Rb6 $18 Re7 59. Ka4) 58... Nd6 $11 59. Rc6 $2 (59. Rd7 $11 Rd5 60. Ka4) 59... Nb7 $1 $18 {[%cal Rb7a5] White must now prevent ...Na5+.} 60. Ka4 Nd8 61. Rc8 Nf7 $1 62. Rc6 Nd8 $1 {[%cal Rd8c6]} 63. Rd6 (63. Rc7 $14) 63... Ne6 $11 64. Kb3 Nf4 65. Kc4 Kg5 66. e4 Ne6 67. Bf1 Rxe4+ $2 {[%mdl 8192]} (67... Kg4 $11) 68. Kd5 $18 Re1 69. Rxe6 Rxf1 70. Kxc5 {KR-KR} Kf5 71. Re8 {White wants to mate with Rf8+.} Rb1 72. Re2 Kf4 $2 {[%mdl 8192]} (72... b3 $11) 73. Kxb4 Kf3 {White mates.} 74. Rc2 Ke4 75. Kc4 Ke5 76. b4 {[%cal Bb2b4,Bb4b5,Bb5b6,Bb6b7][%mdl 32]} Rh1 77. Kb5 Rh8 78. Ka6 Rh6+ 79. Ka5 Kd6 80. b5 Rh1 81. Ka6 Kd7 82. b6 Ra1+ {[#]} 83. Kb7 $1 Ra3 84. Rd2+ Ke7 85. Kc7 Rc3+ 86. Kb8 Rb3 87. b7 Ra3 88. Rd4 Ra1 89. Kc7 Rc1+ 90. Kb6 Rb1+ 91. Kc6 Rc1+ 92. Kb5 Rb1+ 93. Rb4 {Precision: White = 63%, Black = 52%.} 1-0